Quantitative aptitude for the CAT / (Record no. 142356)

MARC details
000 -LEADER
fixed length control field 00680nam a22001937a 4500
005 - DATE AND TIME OF LATEST TRANSACTION
control field 20170707111120.0
020 ## - INTERNATIONAL STANDARD BOOK NUMBER
International Standard Book Number 9789332570016
Terms of availability 775.00
035 ## - SYSTEM CONTROL NUMBER
System control number B-668128
037 ## - SOURCE OF ACQUISITION
Source of stock number/acquisition Techniz/Ven
Stock number dpl
082 ## - DEWEY DECIMAL CLASSIFICATION NUMBER
Classification number 000
100 ## - MAIN ENTRY--PERSONAL NAME
Personal name Sinha, Nishit K
245 ## - TITLE STATEMENT
Title Quantitative aptitude for the CAT /
Statement of responsibility, etc by Nishit K. Sinha
250 ## - EDITION STATEMENT
Edition statement 4th ed.
260 ## - PUBLICATION, DISTRIBUTION, ETC. (IMPRINT)
Date of publication, distribution, etc 2017
Place of publication, distribution, etc New Delhi
Name of publisher, distributor, etc Pearson India
270 ## - ADDRESS
Address 11, Community Centre, Panchsheel Park,
City New Delhi
Postal code 110017
300 ## - PHYSICAL DESCRIPTION
Dimensions 25cm(pbk)
Extent various pagings:
Other physical details ill.
942 ## - ADDED ENTRY ELEMENTS (KOHA)
Item type English Books
Source of classification or shelving scheme Dewey Decimal Classification
Classification part 000
Call number suffix SIN
Holdings
Withdrawn status Lost status Not for loan Collection code Home library Current library Date acquired Source of acquisition Cost, normal purchase price Full call number Barcode Copy number Cost, replacement price Koha item type
      Non-fiction Ashok Vihar Ashok Vihar 07/07/2017 BPPD/EN/2014-15/AV/16-17/434/15.2.2017/17435/24.2.2017/ 18.3.2017 775.00 000 SIN B-668128 1 775.00 English Books

© Delhi Public Library
Hit Counter
free hit counter